<?xml version="1.0" encoding="UTF-8"?><?xml-stylesheet type="text/xsl" href="static/style.xsl"?><OAI-PMH xmlns="http://www.openarchives.org/OAI/2.0/" xmlns:xsi="http://www.w3.org/2001/XMLSchema-instance" xsi:schemaLocation="http://www.openarchives.org/OAI/2.0/ http://www.openarchives.org/OAI/2.0/OAI-PMH.xsd"><responseDate>2026-06-02T05:33:01Z</responseDate><request verb="GetRecord" identifier="oai:riuma.uma.es:10630/36327" metadataPrefix="marc">https://riuma.uma.es/rest/oai/request</request><GetRecord><record><header><identifier>oai:riuma.uma.es:10630/36327</identifier><datestamp>2026-02-03T11:17:39Z</datestamp><setSpec>com_10630_2254</setSpec><setSpec>col_10630_37953</setSpec></header><metadata><record xmlns="http://www.loc.gov/MARC21/slim" xmlns:dcterms="http://purl.org/dc/terms/" xmlns:doc="http://www.lyncode.com/xoai" xmlns:xsi="http://www.w3.org/2001/XMLSchema-instance" xsi:schemaLocation="http://www.loc.gov/MARC21/slim http://www.loc.gov/standards/marcxml/schema/MARC21slim.xsd">
   <leader>00925njm 22002777a 4500</leader>
   <datafield ind2=" " ind1=" " tag="042">
      <subfield code="a">dc</subfield>
   </datafield>
   <datafield ind2=" " ind1=" " tag="720">
      <subfield code="a">Boluda-Ruiz, Rubén</subfield>
      <subfield code="e">author</subfield>
   </datafield>
   <datafield ind2=" " ind1=" " tag="720">
      <subfield code="a">Tokgoz, Sezer C.</subfield>
      <subfield code="e">author</subfield>
   </datafield>
   <datafield ind2=" " ind1=" " tag="720">
      <subfield code="a">García-Zambrana, Antonio</subfield>
      <subfield code="e">author</subfield>
   </datafield>
   <datafield ind2=" " ind1=" " tag="720">
      <subfield code="a">Qaraqe, Khalid</subfield>
      <subfield code="e">author</subfield>
   </datafield>
   <datafield ind2=" " ind1=" " tag="260">
      <subfield code="c">2020-08</subfield>
   </datafield>
   <datafield ind2=" " ind1=" " tag="520">
      <subfield code="a">It has recently been proved that the free-space optical (FSO) communication links are susceptible to interceptions. Due to this reason, the optics community shows a special interest in studying these high-speed links in greater detail from a physical layer security (PLS) point of view. Therefore, in this paper, we propose, for the first time, enhancing the average secrecy capacity (ASC) in FSO links via multiple-input/single-output (MISO) systems. It is well-known that the fading effects in FSO channels can be significantly mitigated by exploiting spatial diversity techniques at the transmitter end. Thus, we develop a new asymptotic closed-form solution at high signal-to-noise-ratio (SNR) to accurately compute the ASC for MISO based FSO communication systems with equal gain combining (EGC) reception through generalized misalignment and atmospheric turbulence-induced fading channels. As a key feature, we investigate the impact of the eavesdropper's orientation along with its location in the pointing error model. We can conclude that the influence of the eavesdropper on recollecting radiated power is diminished considerably by increasing not only the normalized beam width at the receiver end, but also by increasing the number of laser sources. Numerical results are tested by exact Monte Carlo simulations.</subfield>
   </datafield>
   <datafield ind1="8" ind2=" " tag="024">
      <subfield code="a">R. Boluda-Ruiz, S. C. Tokgoz, A. García-Zambrana and K. Qaraqe, "Enhancing Secrecy Capacity in FSO Links via MISO Systems Through Turbulence-Induced Fading Channels With Misalignment Errors," in IEEE Photonics Journal, vol. 12, no. 4, pp. 1-13, Aug. 2020, Art no. 7903313, doi: 10.1109/JPHOT.2020.2987378</subfield>
   </datafield>
   <datafield ind1="8" ind2=" " tag="024">
      <subfield code="a">https://hdl.handle.net/10630/36327</subfield>
   </datafield>
   <datafield ind1="8" ind2=" " tag="024">
      <subfield code="a">10.1109/JPHOT.2020.2987378</subfield>
   </datafield>
   <datafield tag="653" ind2=" " ind1=" ">
      <subfield code="a">Fotónica</subfield>
   </datafield>
   <datafield tag="653" ind2=" " ind1=" ">
      <subfield code="a">Optoelectrónica</subfield>
   </datafield>
   <datafield ind2="0" ind1="0" tag="245">
      <subfield code="a">Enhancing secrecy capacity in FSO links via MISO systems through turbulence-Induced fading channels with misalignment errors</subfield>
   </datafield>
</record>
</metadata></record></GetRecord></OAI-PMH>